000 00533nam a2200217Ia 4500
003 OSt
005 20220928141001.0
006 a|||||r|||| 00| 0
007 ta
008 220927b |||||||| |||| 00| 0 eng d
024 _a12669
037 _cTextual
040 _aSDCL
_cSDCL
_beng
041 _2eng
_aeng
082 _aX:8, N5
100 _aDrucker Peter F
_9370006
245 0 _aManaging in a time of great change
260 _c1995
942 _hX:8, N5
_cTEXL
_2CC
999 _c815078
_d815078